[Event "Oberfranken-ch"]
[Site "Lichtenfels"]
[Date "2012.01.03"]
[Round "2.10"]
[White "Zeidler, Jonas"]
[Black "Becker, Tobias"]
[Result "0-1"]
[WhiteElo "1886"]
[BlackElo "1827"]
[PlyCount "40"]
[EventDate "2012.01.03"]
[EventType "swiss"]
[EventRounds "7"]
[EventCountry "GER"]
[SourceTitle "EXT 2019"]
[Source "ChessBase"]
[SourceDate "2018.10.10"]
[SourceVersion "1"]
[SourceVersionDate "2018.10.10"]
[SourceQuality "1"]

1. e4 c5 2. b4 cxb4 3. a3 Nf6 4. e5 Qc7 5. Nf3 Nd5 6. Bb2 e6 7. axb4 Bxb4 8. c3 Be7 9. d4 d6 10. c4 Nf4 11. Qc1 Ng6 12. exd6 Bxd6 13. Nc3 Bd7 14. Ne4 Bb4+ 15. Nfd2 0-0 16. g3 Bc6 17. d5 exd5 18. cxd5 Qe7 19. Qc4 Ne5 20. Qe2 Bxd5 0-1

[Event "Regionalliga NW 1011"]
[Site "Bayern"]
[Date "2011.01.16"]
[Round "5.8"]
[White "Gies, Hans Joerg"]
[Black "Zeidler, Jonas"]
[Result "1/2-1/2"]
[WhiteElo "1803"]
[BlackElo "1831"]
[PlyCount "99"]
[EventDate "2010.10.10"]
[EventType "team-tourn"]
[EventRounds "9"]
[EventCountry "GER"]
[SourceTitle "EXT 2012"]
[Source "ChessBase"]
[SourceDate "2011.11.24"]
[SourceVersion "1"]
[SourceVersionDate "2011.11.24"]
[SourceQuality "1"]
[WhiteTeam "Klingenberg"]
[BlackTeam "Marktleuthen"]
[WhiteTeamCountry "GER"]
[BlackTeamCountry "GER"]

1. c4 e5 2. Nc3 Nf6 3. g3 Nc6 4. Bg2 Bc5 5. e3 d6 6. Nge2 Bf5 7. d4 Bb4 8. 0-0 0-0 9. d5 Ne7 10. e4 Bd7 11. h3 Ng6 12. Be3 h6 13. Qd3 a5 14. f4 Re8 15. f5 Nf8 16. g4 N6h7 17. Bf2 g6 18. Ng3 g5 19. Nh5 f6 20. h4 Re7 21. Qg3 Be8 22. Be3 Bxh5 23. gxh5 Rg7 24. Nd1 gxh4 25. Qxh4 Ng5 26. Kh2 Nd7 27. Nf2 Bc5 28. Rae1 Kh7 29. Nd3 Bxe3 30. Rxe3 Qe7 31. Qe1 Nb6 32. b3 a4 33. Nc1 axb3 34. axb3 Rgg8 35. Rc3 Ra3 36. Qe3 Nd7 37. b4 Rxc3 38. Qxc3 Qf7 39. Bf3 Nxf3+ 40. Qxf3 Rg5 41. Nd3 Rxh5+ 42. Kg2 Qg7+ 43. Kf2 Rh2+ 44. Ke1 Qg2 45. Qxg2 Rxg2 46. Rf2 Rxf2 47. Kxf2 h5 48. Kg3 Kh6 49. Kh4 Nb6 50. Nb2 1/2-1/2

[Event "Oberfranken-ch"]
[Site "Schney"]
[Date "2011.01.05"]
[Round "5"]
[White "Schlosser, Malte"]
[Black "Zeidler, Jonas"]
[Result "1/2-1/2"]
[WhiteElo "1147"]
[BlackElo "1887"]
[PlyCount "43"]
[EventDate "2011.01.03"]
[EventType "swiss"]
[EventRounds "7"]
[EventCountry "GER"]
[SourceTitle "EXT 2022"]
[Source "ChessBase"]
[SourceDate "2021.10.06"]
[SourceVersion "1"]
[SourceVersionDate "2021.10.06"]
[SourceQuality "1"]

1. e4 c5 2. Nc3 d6 3. Bc4 g6 4. d3 Bg7 5. Bd2 Nc6 6. Nge2 Nf6 7. 0-0 0-0 8. Qc1 a6 9. Bh6 b5 10. Bxg7 Kxg7 11. Bd5 Bb7 12. Nf4 e6 13. Bxe6 Nd4 14. Bh3 b4 15. Nce2 Nxe2+ 16. Nxe2 Re8 17. c3 a5 18. Ng3 h6 19. f4 Qb6 20. c4 a4 21. a3 Bc6 22. Re1 1/2-1/2

[Event "Oberfranken-ch"]
[Site "Schney"]
[Date "2011.01.04"]
[Round "4"]
[White "Zeidler, Jonas"]
[Black "Becker, Tobias"]
[Result "1/2-1/2"]
[WhiteElo "1887"]
[BlackElo "1827"]
[PlyCount "45"]
[EventDate "2011.01.03"]
[EventType "swiss"]
[EventRounds "7"]
[EventCountry "GER"]
[SourceTitle "EXT 2022"]
[Source "ChessBase"]
[SourceDate "2021.10.06"]
[SourceVersion "1"]
[SourceVersionDate "2021.10.06"]
[SourceQuality "1"]

1. e4 c5 2. Nf3 d6 3. b4 Nf6 4. bxc5 Nxe4 5. cxd6 Nxd6 6. Bb2 Nc6 7. Nc3 Bg4 8. Be2 e6 9. h3 Bh5 10. 0-0 Be7 11. Re1 0-0 12. Ne5 Bxe2 13. Nxe2 Nxe5 14. Bxe5 Bf6 15. Bxf6 Qxf6 16. Nc3 Rfd8 17. Rb1 Rac8 18. Ne4 Nxe4 19. Rxe4 b6 20. c4 Rd7 21. Rb3 Rcd8 22. d3 h6 23. Kf1 1/2-1/2

[Event "Oberfranken-ch U16 0910"]
[Site "Schney"]
[Date "2010.01.06"]
[Round "7"]
[White "Zeidler, Jonas"]
[Black "Pfadenhauer, Tobias"]
[Result "1/2-1/2"]
[WhiteElo "1696"]
[BlackElo "1780"]
[PlyCount "70"]
[EventDate "2010.01.03"]
[EventType "swiss"]
[EventRounds "7"]
[EventCountry "GER"]
[SourceTitle "EXT 2015"]
[Source "ChessBase"]
[SourceDate "2014.11.20"]
[SourceVersion "1"]
[SourceVersionDate "2014.11.20"]
[SourceQuality "1"]

1. e4 e6 2. d4 d5 3. exd5 exd5 4. Bd3 Bd6 5. c3 Ne7 6. Ne2 0-0 7. 0-0 Bf5 8. Bf4 Bxd3 9. Qxd3 Ng6 10. Bxd6 Qxd6 11. Nd2 Nc6 12. Qg3 Qd7 13. Rfe1 Rae8 14. Nf4 Nce7 15. Nxg6 fxg6 16. Qd3 Rf6 17. Re3 Ref8 18. Rf3 Nf5 19. Nf1 Nh6 20. Rxf6 Rxf6 21. Ne3 Nf7 22. Re1 Ng5 23. c4 dxc4 24. Qxc4+ Kh8 25. Qd5 Qxd5 26. Nxd5 Re6 27. Re5 Rxe5 28. dxe5 c6 29. Ne7 Nf7 30. f4 g5 31. g3 gxf4 32. gxf4 g5 33. Nc8 Kg7 34. e6 Nh6 35. fxg5 Nf5 1/2-1/2